Oxford wordpower dictionary : for learners of english /
Guardado en:
| Formato: | Libro |
|---|---|
| Publicado: |
New York :
Oxford University,
1993
|
| Materias: | |
| Etiquetas: |
Agregar Etiqueta
Sin Etiquetas, Sea el primero en etiquetar este registro!
|
| LEADER | 00504nam a22001695a 4500 | ||
|---|---|---|---|
| 001 | CEM.cems009962 | ||
| 005 | 20080701105336.0 | ||
| 008 | 130507s1993##################000#0#####d | ||
| 003 | CEMS | ||
| 020 | |a 0194311384 | ||
| 082 | 0 | 4 | |a 423 |
| 245 | 0 | 0 | |a Oxford wordpower dictionary : |b for learners of english / |c Sally Wehmeier |
| 260 | |a New York : |b Oxford University, |c 1993 | ||
| 300 | |a 752 p. | ||
| 653 | |a Diccionarios | ||
| 653 | |a Inglés-diccionarios | ||
| 859 | |a CEMS |b BIB. CEMS - 11 de abril |h 423 |i Ox2-2 |p 20275.99 |t Ej.1 | ||
